000 00473nam a2200169 i 4500
001 60818
003 ES-MaACL
005 20230906164318.0
007 t|
008 031107s1967 sp ||||1| spa d
100 1 _aEstrada Vidal, Fernando.
_948228
245 1 0 _aKits comerciales transistorizados /
_cFernando Estrada Vidal.
250 _a1ยช ed.
260 _aBarcelona :
_bJanzer,
_c1967.
300 _a215 p. :
_bil. ;
_c22 cm.
852 _aES-MaACL
_jC-31241
_bR.61688
999 _c60818
_d60818